| 000 | 00416nam a22001697a 4500 | ||
|---|---|---|---|
| 005 | 20180417111551.0 | ||
| 008 | 160518b xxu||||| |||| 00| 0 eng d | ||
| 020 | _a81-7012-694-0 | ||
| 041 | _aeng | ||
| 082 |
_b2666 _a346.07 |
||
| 100 |
_asingh, Avtar _94276 |
||
| 245 | _aPrinciples of Mercentile law | ||
| 260 |
_aLucknow _bEastren book company _c1973 |
||
| 300 | _a914 | ||
| 650 |
_aManagement _9241 |
||
| 942 | _cBK | ||
| 999 |
_c968 _d968 |
||